The Companies Act, 1948 (Record no. 105176)

MARC details
000 -LEADER
fixed length control field 00713cam a2200181 4500
001 - CONTROL NUMBER
control field ##L132538
008 - FIXED-LENGTH DATA ELEMENTS--GENERAL INFORMATION
fixed length control field 060216n1955 000 0 eng u
035 ## - SYSTEM CONTROL NUMBER
System control number (Sirsi) u132538
041 0# - LANGUAGE CODE
Language code of text/sound track or separate title eng
050 04 - LIBRARY OF CONGRESS CALL NUMBER
Classification number 333.062 $2 18
110 2# - MAIN ENTRY--CORPORATE NAME
Corporate name or jurisdiction name as entry element Valuers Institution
245 04 - TITLE STATEMENT
Title The Companies Act, 1948
Remainder of title memorandum and articles of association of Valuers Institution Limited
260 ## - PUBLICATION, DISTRIBUTION, ETC.
Place of publication, distribution, etc. [S.l.]
Name of publisher, distributor, etc. [s.n.]
Date of publication, distribution, etc. 1955
300 ## - PHYSICAL DESCRIPTION
Extent 44p.
Dimensions 22cm.
520 ## - SUMMARY, ETC.
Summary, etc. Certification of Valuers Institiution Limited under the Companies Act, 1948. It outlines the objectives of the institution, and the rules and regulations that they must comply to under the act.
690 ## - LOCAL SUBJECT ADDED ENTRY--TOPICAL TERM (OCLC, RLIN)
Topical term or geographic name as entry element PROPERTY-PROPERTY VALUATION AND APPRAISAL
942 ## - ADDED ENTRY ELEMENTS (KOHA)
Suppress in OPAC 0
Holdings
Withdrawn status Lost status Source of classification or shelving scheme Damaged status Not for loan Home library Current library Shelving location Date acquired Total Checkouts Full call number Barcode Date last seen Copy number Price effective from Koha item type
          Archives Archives RICS Boxes 22/11/2023   RICS/Valuers Institution 3   22/11/2023   22/11/2023 Book
    Dewey Decimal Classification     London London RICS Boxes 16/02/2006   ISVA/27 30071923 06/08/2019 1 06/08/2019 Reference material
    Dewey Decimal Classification     London London RICS Boxes 16/02/2006   ISVA/27 30071924 06/08/2019 2 06/08/2019 Reference material
    Dewey Decimal Classification     London London RICS Boxes 16/02/2006   ISVA/27 30071925 06/08/2019 3 06/08/2019 Reference material